[Event "Four Nations Jr Teams"]
[Site "Oslo NOR"]
[Date "2007.12.01"]
[Round "2"]
[White "Agrest,I"]
[Black "Hansen,Al"]
[Result "1/2-1/2"]
[WhiteElo "2121"]
[BlackElo "2189"]

1.e4 c5 2.Nf3 d6 3.d4 cxd4 4.Nxd4 Nf6 5.Nc3 Nc6 6.Bg5 e6 7.Qd2 a6 8.O-O-O Bd7
9.f3 Rc8 10.Nb3 b5 11.g4 Ne5 12.Qe3 b4 13.Nb1 a5 14.Be2 Qc7 15.Nd4 Qc5 16.Nd2 a4
17.b3 Be7 18.h4 h6 19.Bf4 Ng6 20.Bg3 e5 21.Nc4 exd4 22.Qxd4 axb3 23.axb3 Be6
24.Qxc5 Rxc5 25.Nxd6+ Kf8 26.Kb1 Kg8 27.Rd4 Kh7 28.Rxb4 Rd8 29.Nb7 Rd2 30.Nxc5 Bxc5
31.Rb5 Nd7 32.Bd3 Bf2 33.Bd6 Bxh4 34.Bb4 Rg2 35.f4 Bxg4 36.f5 Bf6 37.fxg6+ fxg6
38.Rb7 Ne5 39.Bf1 Rf2 40.Be1 Rf4 41.Bd2 Rxe4 42.Rxh6+ Kg8 43.Rb8+ Kf7 44.Rhh8 g5
45.Bb5 Bf3 46.Bc3 g4 47.Be8+ Ke6 48.Rb6+ Kf5 49.Bh5 Re2 50.Bd4 Re1+ 51.Ka2 Re2
52.Ka3 Rxc2 53.Bxe5 Kxe5 54.Re8+ Kf4 55.Rb4+ Kg3 56.Rc4 Rh2 57.Bg6 Rd2 58.Bf5 Rd5
59.Bc8 Rg5 60.b4 Rd5 61.Re3 Kf2 62.Rb3 Rd4 63.Rc2+ Kg3 64.Ka4 Kf4 65.Rf2 Ke5
66.Ka3 Kd6 67.Bf5 Bd5 68.Rb1 g3 69.Re2 Rf4 70.Bh3 Bd4 71.Rd2 Rf2 72.Rbd1 Ke5
73.Ka4 Rxd2 74.Rxd2 Bf2 75.b5 g5 76.Rb2 g4 77.Bf1 g2 78.Bxg2 Bxg2 79.Rxf2 Bd5
80.b6 g3 81.Re2+ Kf4 82.Kb5 g2  1/2-1/2

[Event "TCh-AUT 1st Bundesliga 2007-8"]
[Site "Baden AUT"]
[Date "2007.12.02"]
[Round "3"]
[White "Baramidze,D"]
[Black "Antoniewski,R"]
[Result "1-0"]
[WhiteElo "2569"]
[BlackElo "2512"]

1.e4 c5 2.Nf3 d6 3.d4 cxd4 4.Nxd4 Nf6 5.Nc3 Nc6 6.Bg5 e6 7.Qd2 a6 8.O-O-O Bd7
9.f3 Rc8 10.Kb1 b5 11.Nxc6 Bxc6 12.h4 Be7 13.Ne2 O-O 14.Nd4 Bb7 15.g4 Qc7
16.Bd3 Rfd8 17.Rhe1 g6 18.h5 e5 19.hxg6 exd4 20.gxh7+ Nxh7 21.Bh6 f6 22.Rh1 Bf8
23.g5 fxg5 24.Rdg1 Rd7 25.e5 dxe5 26.Bxh7+ Rxh7 27.Qxg5+ Rg7 28.Bxg7 Bxg7
29.Qf5 Qxc2+ 30.Qxc2 Rxc2 31.Kxc2 Bxf3 32.Rh6 Kf7 33.Rxa6 Bf6 34.Rb6 Bd8
35.Rxb5 Ke6 36.Rg6+ Kf5 37.Rd6 Be2 38.Rxe5+  1-0

[Event "TCh-AUT 1st Bundesliga 2007-8"]
[Site "Baden AUT"]
[Date "2007.12.02"]
[Round "3"]
[White "Gross,Dav GER"]
[Black "Baklan,V"]
[Result "1/2-1/2"]
[WhiteElo "2491"]
[BlackElo "2639"]

1.e4 c5 2.Nf3 d6 3.d4 cxd4 4.Nxd4 Nf6 5.Nc3 Nc6 6.Bg5 e6 7.Qd2 Be7 8.O-O-O Nxd4
9.Qxd4 O-O 10.f4 Qa5 11.Bc4 Bd7 12.e5 dxe5 13.fxe5 Bc6 14.Bd2 Nd7 15.Nd5 Qc5
16.Nxe7+ Qxe7 17.Rhe1 Nb6 18.Bf1 Rfd8 19.Qg4 Rac8 20.Kb1 Qc5 21.Bd3 Na4  1/2-1/2

[Event "TCh-AUT 1st Bundesliga 2007-8"]
[Site "Baden AUT"]
[Date "2007.12.02"]
[Round "3"]
[White "Luther,T"]
[Black "Pilaj,H"]
[Result "1-0"]
[WhiteElo "2534"]
[BlackElo "2383"]

1.e4 c5 2.Nf3 d6 3.d4 cxd4 4.Nxd4 Nf6 5.Nc3 Nc6 6.Bg5 e6 7.Qd2 Qb6 8.O-O-O Qxd4
9.Qxd4 Nxd4 10.Rxd4 a6 11.f3 Be7 12.Na4 Nd7 13.Bxe7 Kxe7 14.c4 Rd8 15.Be2 Nc5
16.Nb6 Rb8 17.Rhd1 e5 18.R4d2 Ne6 19.Nd5+ Kf8 20.Ne3 Nd4 21.Nc2 Nxe2+ 22.Rxe2 Be6
23.Ne3 Rdc8 24.Rc2 Rc6 25.b3 Ke7 26.Nd5+ Bxd5 27.Rxd5 Rbc8 28.a4 b6 29.Kb2 g6
30.Rcd2 a5 31.Kc2 h5 32.h4 Ke6 33.g3 f5 34.Kd3 Rf8 35.f4 Rc5 36.Ke3 Rxd5
37.Rxd5 Rc8 38.Rb5 Rc6 39.Kd3 Kf6 40.Ke3 Ke6 41.Kd3 Kf6 42.Rd5 Ke6 43.Ke3 Rc8
44.Rd2 Rb8 45.Rd1 Rc8 46.Rd5 Rc7 47.fxe5 dxe5 48.Rd8 Rd7 49.exf5+ gxf5 50.Rh8 e4
51.Kf4 Rd3 52.Rh6+ Kd7 53.Rxb6 Rf3+ 54.Ke5 e3 55.Rd6+ Kc7 56.Re6 e2 57.Kd5 Rxg3
58.Rxe2 Rxb3 59.Re7+ Kb8 60.Rh7 Rb4 61.Rxh5 Rxa4 62.Rxf5 Ra1 63.Kc6 a4 64.Rb5+ Kc8
65.Ra5 Kb8 66.Rb5+ Kc8 67.c5 a3 68.Rb3 a2 69.Rb2 Kd8 70.Re2 Rh1 71.Rd2+ Ke7
72.Rxa2 Rxh4 73.Rd2 Ra4 74.Kc7 Ra7+ 75.Kb6 Ra1 76.c6  1-0

[Event "Four Nations Jr Teams"]
[Site "Oslo NOR"]
[Date "2007.12.02"]
[Round "3"]
[White "Ong,Kez"]
[Black "Hagen,Ande"]
[Result "1-0"]
[WhiteElo "2262"]
[BlackElo "2049"]

1.e4 c5 2.Nf3 Nc6 3.d4 cxd4 4.Nxd4 Nf6 5.Nc3 d6 6.Bg5 e6 7.Qd2 a6 8.O-O-O Bd7
9.f4 b5 10.Nxc6 Bxc6 11.Qe1 Be7 12.Bxf6 gxf6 13.f5 b4 14.Ne2 Qa5 15.Nd4 Rc8
16.Kb1 e5 17.Nxc6 Rxc6 18.Rd5 Qb6 19.Bd3 Rg8 20.Qe2 Bf8 21.g3 Ke7 22.Bc4 Bh6
23.Re1 Rgc8 24.Bb3 Qc7 25.Rdd1 Kf8 26.Qh5 Kg7 27.Re2 a5 28.h4 Ra6 29.Ba4 Qc4
30.Bb3 Qc7 31.Ba4 Qc4 32.Qg4+ Kh8 33.Bb3 Qc7 34.Qh5 Kg7 35.g4 a4 36.Bd5 Be3
37.g5 Bd4 38.Qh6+ Kh8 39.gxf6 Rg8 40.Qh5 a3 41.Qxf7 Qxf7 42.Bxf7 Rf8 43.Bc4 Rc6
44.Bd5 Rcc8 45.f7 Kg7 46.b3 Kf6 47.Rd3 Rc5 48.Be6 Rc3 49.Rxc3 Bxc3 50.Rg2 Bd4
51.Rg8 Ke7 52.Bd5  1-0

[Event "Parsvnath ch-Commonwealth"]
[Site "New Delhi IND"]
[Date "2007.12.03"]
[Round "1"]
[White "Greef,M"]
[Black "Gupta,Ab"]
[Result "0-1"]
[WhiteElo "2025"]
[BlackElo "2470"]

1.e4 c5 2.Nf3 d6 3.d4 cxd4 4.Nxd4 Nf6 5.Nc3 Nc6 6.Bg5 e6 7.Qd2 a6 8.O-O-O Bd7
9.f4 b5 10.Bxf6 gxf6 11.g3 Qb6 12.f5 h5 13.Kb1 Bh6 14.Qf2 O-O-O 15.fxe6 fxe6
16.Qg1 Nxd4 17.Qxd4 Qxd4 18.Rxd4 Kc7 19.a4 Be3 20.Rd3 Bc5 21.axb5 axb5 22.Rf3 b4
23.Nb5+ Kb6 24.c4 Bc6 25.Bd3 f5 26.Rf4 fxe4 27.Bxe4 d5 28.cxd5 exd5 29.Bg2 Bxb5
30.Rf6+ Rd6 31.Rxd6+ Bxd6 32.Rd1 Bc5 33.Rxd5 b3 34.Bf3 Rf8 35.Bxh5 Bc6 36.Rd2 Be4+
37.Kc1 Rf1+ 38.Bd1 Be3 39.h3  0-1

[Event "Parsvnath ch-Commonwealth"]
[Site "New Delhi IND"]
[Date "2007.12.03"]
[Round "2"]
[White "Ganesh,Ba"]
[Black "Umesha,B"]
[Result "1-0"]
[WhiteElo "2089"]
[BlackElo "1886"]

1.e4 c5 2.Nf3 Nc6 3.d4 cxd4 4.Nxd4 Nf6 5.Nc3 d6 6.Bg5 e6 7.Qd2 Be7 8.O-O-O a6
9.f4 Qc7 10.f5 b5 11.Bxf6 gxf6 12.fxe6 fxe6 13.Be2 h5 14.Nxc6 Qxc6 15.Bf3 e5
16.Qe2 h4 17.Bh5+ Kd8 18.Bf7 Bb7 19.Bd5 Qd7 20.Bxb7 Qxb7 21.Nd5 Rc8 22.Rhf1 Rh6
23.Qg4 Qc6 24.Rd2 Qe8 25.Nxf6 Rxf6 26.Rxf6 Bxf6 27.Rxd6+ Kc7 28.Rxf6 Qd7
29.Qxd7+ Kxd7 30.Rg6 Rf8 31.Rg4 h3 32.gxh3 Rf2 33.Rg7+ Kc6 34.b4 Rxh2 35.Rg6+ Kb7
36.Rh6 Re2 37.Rh4 Re3 38.Kd2 Ra3 39.Rh5 Rxa2 40.Rxe5 Ra3 41.c3 Ra2+ 42.Kd3 Kc6
43.h4 Kd6 44.Rh5 Rh2 45.Rh6+ Ke5 46.Rh5+ Kd6 47.Rd5+ Kc6 48.h5 Rh1 49.Rg5 Rd1+
50.Ke3 Re1+ 51.Kf4 Rc1 52.h6 Rf1+ 53.Ke5 Rh1 54.Rg6+ Kb7 55.Rg7+ Kb6 56.h7 Rh3
57.Kd5 a5 58.bxa5+ Kxa5 59.e5 Kb6  1-0

[Event "Parsvnath ch-Commonwealth"]
[Site "New Delhi IND"]
[Date "2007.12.03"]
[Round "2"]
[White "Kunal,M"]
[Black "Ramaswamy,A"]
[Result "0-1"]
[WhiteElo "2111"]
[BlackElo "2317"]

1.e4 c5 2.Nf3 Nc6 3.d4 cxd4 4.Nxd4 Nf6 5.Nc3 d6 6.Bg5 e6 7.Qd2 Be7 8.O-O-O Nxd4
9.Qxd4 a6 10.f4 b5 11.Be2 Bb7 12.Bf3 Rc8 13.e5 Bxf3 14.exf6 gxf6 15.gxf3 Rc4
16.Qa7 fxg5 17.fxg5 Qc8 18.Ne4 d5 19.Nf6+ Kf8 20.Kb1 Bc5 21.Nd7+ Kg7 22.Nxc5 Qxc5
23.Qxc5 Rxc5 24.h4 Rhc8 25.c3 Rc4 26.h5 Rf4 27.Rh3 Rcc4 28.Rdh1 Rf5 29.Rg3 Rcf4
30.Rhh3 Re5 31.Rg2 Re3 32.Rf2 Re1+ 33.Kc2 Rg1 34.g6 hxg6 35.hxg6 Rxg6 36.Kd3 Rff6
37.Ke3 Rh6 38.Rxh6 Rxh6 39.Rg2+ Kf6 40.b3 Rh1 41.Rg4 Ra1 42.Rg2 Ke5 43.Rg7 f6
44.Rg2 Kd6 45.Kd3 e5 46.Rg6 Ke6 47.Rg2 Kf5 48.Ke3 e4 49.Rd2 Ke5 50.fxe4 dxe4
51.Rd8 Rxa2 52.Re8+ Kf5 53.c4 Ra3 54.Kd4 Rxb3  0-1

[Event "Parsvnath ch-Commonwealth"]
[Site "New Delhi IND"]
[Date "2007.12.03"]
[Round "2"]
[White "Amrutha,M"]
[Black "Das,Arg"]
[Result "1-0"]
[WhiteElo "2159"]
[BlackElo "2367"]

1.e4 c5 2.Nf3 d6 3.d4 cxd4 4.Nxd4 Nf6 5.Nc3 Nc6 6.Bg5 Qb6 7.Nb3 e6 8.Be2 Be7
9.Be3 Qc7 10.f4 a6 11.a4 b6 12.O-O O-O 13.Bf3 Bb7 14.g4 Nd7 15.g5 Rfe8 16.Bg2 Nb4
17.Qd2 Rac8 18.Qf2 Bf8 19.Rad1 g6 20.Rd4 Nc6 21.Rd2 Nb4 22.Rd4 a5 23.Rd2 Nc5
24.Nd4 Qb8 25.Ndb5 d5 26.exd5 Nxd5 27.Nxd5 Bxd5 28.Bxd5 exd5 29.Rxd5 Nxa4
30.f5 Qb7 31.fxg6 fxg6 32.Rd2 Nc5 33.Nc3 Re5 34.Qf4 Rf5 35.Qc4+ Qf7 36.Qxf7+ Kxf7
37.Nd5 b5 38.Nf6 Be7 39.Nxh7 Ne4  1-0

[Event "Parsvnath ch-Commonwealth"]
[Site "New Delhi IND"]
[Date "2007.12.04"]
[Round "3"]
[White "Swathi,G"]
[Black "Bakre,T"]
[Result "1/2-1/2"]
[WhiteElo "2316"]
[BlackElo "2459"]

1.e4 c5 2.Nf3 d6 3.d4 cxd4 4.Nxd4 Nf6 5.Nc3 Nc6 6.Bg5 e6 7.Qd2 Be7 8.O-O-O Nxd4
9.Qxd4 a6 10.f3 b5 11.Kb1 Bb7 12.h4 Qc7 13.Be3 Rc8 14.Qd2 O-O 15.Bd3 b4 16.Ne2 d5
17.e5 Ne4 18.Qe1 Nc5 19.Bxc5 Bxc5 20.f4 a5 21.Nc1 a4 22.Rh3 f6 23.Qe2 fxe5
24.fxe5 Rf2 25.Qh5 g6 26.Bxg6 hxg6 27.Qxg6+ Qg7 28.Qxe6+ Kh8 29.Nd3 Rxg2
30.Rf3 Bf8 31.Rf7 Rg1 32.Rxg1 Qxg1+ 33.Nc1 b3 34.axb3 axb3 35.Qxc8 Bxc8 36.Rxf8+ Kg7
37.Rxc8 bxc2+ 38.Rxc2 Qe3 39.Re2 Qf4 40.e6 Kf8 41.e7+ Ke8 42.Kc2 Qxh4 43.Nd3 Qg4
44.Kd2 d4 45.Re5 Qg3 46.Kc2 Qf3 47.Kd2 Qg2+ 48.Re2 Qg4 49.Re5  1/2-1/2

[Event "Parsvnath ch-Commonwealth"]
[Site "New Delhi IND"]
[Date "2007.12.05"]
[Round "4"]
[White "Kunal,M"]
[Black "Sai,Sr"]
[Result "1/2-1/2"]
[WhiteElo "2111"]
[BlackElo "2302"]

1.e4 c5 2.Nf3 d6 3.d4 cxd4 4.Nxd4 Nf6 5.Nc3 Nc6 6.Bg5 e6 7.Qd2 a6 8.O-O-O Nxd4
9.Qxd4 Be7 10.f4 b5 11.Be2 Bb7 12.Bf3 Qc7 13.e5 dxe5 14.fxe5 Nd5 15.Bxe7 Nxe7
16.Bxb7 Qxb7 17.Qg4 Ng6 18.Ne4 O-O 19.Nd6 Qc6 20.Qg3 f5 21.h4 Ra7 22.Rd2 Rc7
23.Rf1 Qc5 24.Re2 Ne7 25.Qg5 Nc6 26.Qe3 Qxe3+ 27.Rxe3 Rd7 28.a4 bxa4 29.Rf4 Nxe5
30.Rxe5 Rxd6 31.Rxa4 Rc8 32.Rea5 Rcc6 33.g3 Kf7 34.g4 g6 35.g5 Ke7 36.Rb4 Kd7
37.Rb8 Kc7 38.Ra8 Kb7 39.Re8 Rd4 40.Re7+ Kb6 41.Re5 Rxh4 42.R5xe6 Rh5 43.b3 Rxg5
44.Rxc6+ Kxc6 45.Rxh7 f4 46.Rf7 Rg1+ 47.Kd2 g5 48.Rf6+ Kb5 49.c4+ Ka5 50.Ke2 Rg3
51.Kd2 Kb4 52.Rb6+ Kc5 53.Rxa6 g4 54.Rf6 f3 55.Ke3 Rg2 56.Rf5+ Kb4 57.c5 Kb5
58.b4 Rb2 59.Rf4 Re2+ 60.Kd3 Re1 61.Kd2 Rb1 62.Ke3 Rb3+ 63.Kf2 Rb2+ 64.Ke3 Re2+
65.Kd3 Re1 66.Kd2  1/2-1/2

[Event "Parsvnath ch-Commonwealth"]
[Site "New Delhi IND"]
[Date "2007.12.05"]
[Round "5"]
[White "Konguvel,P"]
[Black "Mehar,C"]
[Result "1/2-1/2"]
[WhiteElo "2394"]
[BlackElo "2246"]

1.e4 c5 2.Nf3 d6 3.d4 cxd4 4.Nxd4 Nf6 5.Nc3 Nc6 6.Bg5 e6 7.Qd2 a6 8.O-O-O Bd7
9.f3 b5 10.Nxc6 Bxc6 11.Ne2 Bb7 12.Nd4 Be7 13.Be3 Nd7 14.g4 d5 15.Bd3 dxe4
16.Bxe4 Bxe4 17.fxe4 Ne5 18.Qc3 Qc8 19.Nxb5 Qxc3 20.Nxc3 Nxg4 21.Bd4 Bf6
22.Bxf6 gxf6 23.Rd6 Ke7 24.Rhd1 Ne5 25.b3 Rhd8 26.Rxd8 Rxd8 27.Rxd8 Kxd8
28.Kd1 Nf3 29.h3 Kc7 30.b4 Kc6 31.a4 h5 32.Ke2 Ng5 33.Ke3 Nxh3 34.Ne2 Ng5
35.c4 h4 36.Nc3 h3 37.Kf2 f5 38.exf5 exf5 39.Ne2 Ne6 40.Kg3 a5 41.bxa5 Kc5  1/2-1/2

[Event "FSIM December"]
[Site "Budapest HUN"]
[Date "2007.12.06"]
[Round "6"]
[White "Lengyel,B"]
[Black "Szabo,Ben"]
[Result "1/2-1/2"]
[WhiteElo "2263"]
[BlackElo "2160"]

1.e4 c5 2.Nf3 d6 3.d4 cxd4 4.Nxd4 Nf6 5.Nc3 Nc6 6.Bg5 e6 7.Bb5 Bd7 8.O-O Be7
9.Nb3 a6 10.Be2 Na5 11.Qd2 Bc6 12.Nxa5 Qxa5 13.Bf3 Qc7 14.Rad1 Rd8 15.Qe3 O-O
16.Rfe1 h6 17.Bf4 e5 18.Bg3 Nd7 19.h4 Qb6 20.Qxb6 Nxb6 21.Be2 Na4 22.Nxa4 Bxa4
23.Bd3 g6 24.f3 Kg7 25.Kf2 Bc6 26.c4 h5 27.Ke2 Rc8 28.Rh1 Bd7 29.b3 Be6 30.Be1 Rc6
31.g3 Rb8 32.a4 b6 33.Bb4 a5 34.Ba3 Rd8 35.Bc1 Rcc8 36.Be3 Rb8 37.Rd2 Rb7
38.Rb1 Rc8 39.Rdd1 Kh7 40.Rh1  1/2-1/2

[Event "Parsvnath ch-Commonwealth"]
[Site "New Delhi IND"]
[Date "2007.12.07"]
[Round "7"]
[White "Grover,S"]
[Black "Bakre,T"]
[Result "0-1"]
[WhiteElo "2238"]
[BlackElo "2459"]

1.e4 c5 2.Nf3 d6 3.d4 cxd4 4.Nxd4 Nf6 5.Nc3 Nc6 6.Bg5 e6 7.Qd2 Be7 8.O-O-O Nxd4
9.Qxd4 a6 10.f4 b5 11.Bxf6 gxf6 12.e5 d5 13.Ne2 Bb7 14.Ng3 f5 15.Nh5 Rg8
16.Be2 Rxg2 17.Rhg1 Rg6 18.Nf6+ Bxf6 19.exf6 Qxf6 20.Qb6 Qe7 21.Bh5 Rc8 22.Bxg6 hxg6
23.Rd3 Qc5 24.Qxc5 Rxc5 25.b3 Kd7 26.h4 Kd6 27.h5 gxh5 28.Rg5 Rc8 29.Rxh5 Rg8
30.Rh7 Ke7 31.Rc3 Bc8 32.Rc7+ Bd7 33.Kd2 Rg4 34.Ke3 d4+ 35.Kxd4 Rxf4+ 36.Kc5 Rf2
37.Kd4 f4 38.Ke5 f3 39.Ke4 Kd6 40.Ke3 Rf1 41.Rxd7+ Kxd7 42.Rxf7+ Kd6 43.Rxf3 Ra1
44.Kd4 Rxa2 45.Rc3 Ra1 46.Rc8 Rd1+ 47.Ke4 Kd7 48.Ra8 Rd6 49.Ra7+ Kc8 50.c4 bxc4
51.bxc4 Kb8 52.Re7 a5 53.c5 Ra6 54.Kd3 a4 55.Kc2 a3 56.Kb1 a2+ 57.Ka1 Kc8
58.c6 Rxc6 59.Kxa2 Rb6 60.Ka3 Kd8 61.Rh7 Ke8 62.Rg7 Kf8 63.Rh7 e5 64.Rh5 Re6
65.Kb3 Kf7 66.Kc3 Kg6 67.Rh8 Rd6 68.Rh4 Kg5 69.Rh1 e4  0-1

[Event "Parsvnath ch-Commonwealth"]
[Site "New Delhi IND"]
[Date "2007.12.07"]
[Round "7"]
[White "Deepan,C"]
[Black "Kutwal,S"]
[Result "0-1"]
[WhiteElo "2492"]
[BlackElo "2245"]

1.e4 c5 2.Nf3 d6 3.d4 cxd4 4.Nxd4 Nf6 5.Nc3 Nc6 6.Bg5 e6 7.Qd2 a6 8.O-O-O Bd7
9.f3 Be7 10.Be3 b5 11.Nxc6 Bxc6 12.Ne2 Qc7 13.Nd4 Bb7 14.g4 O-O 15.h4 Nd7
16.g5 Ne5 17.Kb1 Rac8 18.Qg2 d5 19.f4 Nc4 20.Bxc4 dxc4 21.h5 Rfe8 22.g6 Bf6
23.gxf7+ Qxf7 24.Ne2 Qe7 25.Rhg1 Rcd8 26.a3 a5 27.Bd4 e5 28.fxe5 Bxe5 29.Bxe5 Rxd1+
30.Rxd1 Qxe5 31.Ng3 b4 32.axb4 axb4 33.Qf1 Qxg3 34.Qxc4+ Kh8 35.Qb5 Qb8 36.h6 Bxe4
37.hxg7+ Kxg7 38.Qg5+ Bg6 39.Rd7+ Kg8 40.Qf6 Re1+ 41.Ka2 b3+  0-1

[Event "Parsvnath ch-Commonwealth"]
[Site "New Delhi IND"]
[Date "2007.12.07"]
[Round "7"]
[White "Prasanna,Ra"]
[Black "Karthikeyan,P"]
[Result "0-1"]
[WhiteElo "2228"]
[BlackElo "2340"]

1.e4 c5 2.Nf3 d6 3.d4 cxd4 4.Nxd4 Nf6 5.Nc3 Nc6 6.Bg5 e6 7.Qd2 Be7 8.O-O-O O-O
9.f3 Nxd4 10.Qxd4 a6 11.h4 Qa5 12.Qd2 Rd8 13.Kb1 Qc7 14.g4 b5 15.Ne2 Bb7
16.Nd4 e5 17.Nf5 d5 18.Qc3 Qxc3 19.Nxe7+ Kf8 20.bxc3 Kxe7 21.exd5 Bxd5 22.Bg2 h6
23.Bc1 Bb7 24.Ba3+ Ke6 25.f4 e4 26.g5 Nd5 27.Bh3+ f5 28.gxf6 Kxf6 29.Bb2 Kf7
30.Rhg1 Nf6 31.Rde1 Rd5 32.c4 bxc4 33.Be5 Rb5+ 34.Kc1 Bd5 35.Bf5 Ra5 36.Bg6+ Ke6
37.Kb2 c3+ 38.Bxc3 Rxa2+ 39.Kc1 Rc8 40.Re3  0-1

[Event "TCh-HUN 2007-8"]
[Site "Budapest HUN"]
[Date "2007.12.09"]
[Round "4"]
[White "Groszpeter,A"]
[Black "Lupulescu,C"]
[Result "1-0"]
[WhiteElo "2540"]
[BlackElo "2562"]

1.e4 c5 2.Nf3 d6 3.d4 cxd4 4.Nxd4 Nf6 5.Nc3 Nc6 6.Bg5 Qb6 7.Bxf6 gxf6 8.Nb3 e6
9.Qd2 a6 10.O-O-O h5 11.f4 Bd7 12.Kb1 O-O-O 13.Be2 Kb8 14.Rhf1 Bc8 15.Rf3 Bh6
16.Qe1 Ne7 17.g3 f5 18.exf5 Nxf5 19.Na4 Qa7 20.Na5 d5 21.Rb3 Rd6 22.c4 dxc4
23.Rxd6 cxb3 24.Rb6 Nd4 25.Bxa6 Bg7 26.axb3 Kc7 27.Bxb7 Kd7 28.Qb4  1-0

[Event "Parsvnath ch-Commonwealth"]
[Site "New Delhi IND"]
[Date "2007.12.09"]
[Round "9"]
[White "Prince,Ba"]
[Black "Nimmy,A"]
[Result "1/2-1/2"]
[WhiteElo "1983"]
[BlackElo "2196"]

1.e4 c5 2.Nf3 d6 3.d4 cxd4 4.Nxd4 Nf6 5.Nc3 Nc6 6.Bg5 e6 7.Bb5 Bd7 8.Bxc6 bxc6
9.Qf3 h6 10.Bh4 c5 11.Nb3 Be7 12.O-O-O Qb6 13.Nd2 O-O 14.Nc4 Qa6 15.e5 Bc6
16.Qg3 dxe5 17.Nxe5 Qb7 18.Nxc6 Qxc6 19.Qf3 Qb6 20.Ne4 Nd5 21.Bxe7 Nxe7 22.Rd6 Qa5
23.Qa3 Qxa3 24.bxa3 c4 25.Nc3 Rfb8 26.Rhd1 Rb7 27.Rd7 Rab8 28.Rxb7 Rxb7 29.Rd4 Rc7
30.g4 f5 31.Rd8+ Kf7 32.gxf5 Nxf5 33.Nb5 Rc5 34.Nd6+ Kg6 35.Rd7 Rd5 36.Re7 Rxd6
37.Rxa7 Nd4  1/2-1/2

[Event "XX Carlos Torre Magistral"]
[Site "Merida MEX"]
[Date "2007.12.15"]
[Round "1"]
[White "Guerrero Rodriguez,Alej"]
[Black "Gonzalez Zamora,J"]
[Result "0-1"]
[WhiteElo "2127"]
[BlackElo "2552"]

1.e4 c5 2.Nf3 d6 3.d4 cxd4 4.Nxd4 Nf6 5.Nc3 Nc6 6.Bg5 e6 7.Qd2 a6 8.O-O-O Bd7
9.Kb1 h6 10.Bh4 Nxe4 11.Nxe4 Qxh4 12.Nxd6+ Bxd6 13.Nf3 Qa4 14.Qxd6 O-O-O
15.Bd3 e5 16.Qc5 f6 17.Rhe1 Be6 18.a3 Rd5 19.Qc3 Rhd8 20.Nd2 Qd4 21.Ne4 Kc7
22.Qd2 Qb6 23.Nc3 Ra5 24.f4 Rxa3 25.Nb5+ axb5 26.bxa3 Qc5 27.Kb2 b4 28.axb4 Nxb4
29.Qc3 Qxc3+ 30.Kxc3 Nd5+ 31.Kb2 Nxf4 32.Be4 Rxd1 33.Rxd1 f5 34.Bd3 Nxg2
35.Rg1 Nf4 36.Rxg7+ Kd6 37.Rxb7 e4 38.Ba6 e3 39.Kc1 Ke5 40.Kd1 Nd5 41.Rh7 f4
42.Rxh6 Bg4+ 43.Ke1 f3 44.h3 Bf5 45.Bd3 Bxd3 46.cxd3 Nf4 47.d4+ Kf5  0-1

[Event "7th Amplico AIG Life"]
[Site "Warsaw POL"]
[Date "2007.12.15"]
[Round "3"]
[White "Szczepinski,M"]
[Black "Vovk,Y"]
[Result "1/2-1/2"]
[WhiteElo "2304"]
[BlackElo "2561"]

1.e4 c5 2.Nf3 Nc6 3.d4 cxd4 4.Nxd4 Nf6 5.Nc3 d6 6.Bg5 e6 7.Qd2 a6 8.O-O-O h6
9.Bf4 Bd7 10.Nxc6 Bxc6 11.f3 d5 12.Qe1 Bb4 13.a3 Ba5 14.b4 Bb6 15.exd5 Bxd5
16.Nxd5 Nxd5 17.c4 Qf6 18.cxd5 Qa1+ 19.Kd2 Qb2+ 20.Kd3 Qd4+ 21.Kc2 Qxf4 22.Qe4 Rc8+
23.Kb1 Qxe4+ 24.fxe4 Ke7 25.Be2 Rc3 26.Rd3 Rhc8 27.Rhd1 Rxd3 28.Rxd3 Bg1
29.h3 Bh2 30.dxe6 fxe6 31.Bf3 Be5 32.Bd1 Rc4 33.Bc2 h5 34.Rd1 h4 35.Rd3 Rc7
36.Kc1 Kf6 37.Kd2 Bf4+ 38.Kd1 Ke5 39.Rd8 Bg5 40.Rd3 Bh6 41.Rf3 Bg5 42.Rd3 b5
43.Rf3 Rd7+ 44.Rd3 Rf7 45.Ke2 Bc1 46.a4 Bb2 47.axb5 axb5 48.Rf3 Rc7 49.Bd3 Bd4
50.Rf8 Ra7 51.Rc8 Ra2+ 52.Rc2 Ra4 53.Bxb5 Rxb4 54.Bd3 Kf4 55.Rc6 Rb2+ 56.Bc2 Kg3
57.Kd3 Bf6 58.Rxe6 Kxg2 59.e5 Bd8 60.Rg6+ Kxh3 61.Rxg7 Rb6 62.Kd4 Kh2 63.Bf5 Rb4+
64.Kd5 Rb5+ 65.Kd6 Ba5 66.Rh7 Kg3 67.Bd7 Bb4+ 68.Ke6 Rb6+ 69.Kd5 Rg6 70.Bf5 Ra6
71.Ke4 Ra1 72.Rg7+ Kf2 73.Rh7 Re1+ 74.Kd4 Kg3 75.Be4 Bc3+ 76.Kd5 Rd1+ 77.Ke6 h3
78.Kf5 Rf1+ 79.Ke6 Re1 80.Kf5 Rf1+ 81.Ke6 Ra1 82.Kf5 Ra5 83.Rg7+ Kf2 84.Rh7 Kg3
85.Rg7+ Kf2 86.Rh7 Kg3 87.Rg7+ Kh2 88.Re7 Kg1 89.Rg7+ Kf2 90.Rh7 Rxe5+ 91.Kf4 Rc5
92.Rxh3 Bd2+ 93.Kg4 Rg5+ 94.Kh4 Rg8 95.Rf3+ Ke2 96.Rf7 Ke3 97.Bh7 Rg1 98.Kh5 Bb4  1/2-1/2

[Event "7th Amplico AIG Life"]
[Site "Warsaw POL"]
[Date "2007.12.15"]
[Round "4"]
[White "Zinchenko,Ya"]
[Black "Daskevics,Va"]
[Result "1-0"]
[WhiteElo "2491"]
[BlackElo "2331"]

1.e4 c5 2.Nf3 Nc6 3.d4 cxd4 4.Nxd4 Nf6 5.Nc3 d6 6.Bg5 e6 7.Qd2 a6 8.O-O-O Bd7
9.f3 h6 10.Be3 b5 11.Nxc6 Bxc6 12.Bd3 Qc7 13.Kb1 Nd7 14.Ne2 Rc8 15.Nd4 Bb7
16.h4 d5 17.exd5 Bxd5 18.Rhe1 Ne5 19.Bf4 Nc4 20.Bxc4 Qxc4 21.b3 Qc5 22.c4 bxc4
23.Nxe6 fxe6 24.Qxd5 Qxd5 25.Rxd5 Kf7 26.Rd7+ Be7 27.Bd6 Rhe8 28.b4 Rcd8
29.Rxe7+ Rxe7 30.Bxe7 Kxe7 31.Kc2 Rd3 32.Re4 a5 33.Rxc4 Ra3 34.Kb2 axb4 35.Rxb4 Re3
36.Rc4 g5 37.hxg5 hxg5 38.a4 Re2+ 39.Rc2 Re5 40.Kb3 Kd6 41.Kb4 Re1 42.Ra2 Rb1+
43.Kc4 Rc1+ 44.Kd4 Rd1+ 45.Ke3 Kc6 46.a5 Kb7 47.a6+ Ka7 48.Ra5 Re1+ 49.Kf2 Rd1
50.g4 Rd2+ 51.Ke3 Rd6 52.Ke4 Rb6 53.Ke5 Rb3 54.Kxe6 Rxf3 55.Rxg5 Kxa6 56.Rf5 Rg3
57.g5 Kb7 58.Kf7  1-0

[Event "7th Amplico AIG Life"]
[Site "Warsaw POL"]
[Date "2007.12.15"]
[Round "6"]
[White "Chlost,M"]
[Black "Zawadzki,S"]
[Result "0-1"]
[WhiteElo "2148"]
[BlackElo "2415"]

1.e4 c5 2.Nf3 Nc6 3.d4 cxd4 4.Nxd4 Nf6 5.Nc3 d6 6.Bg5 e6 7.Qd2 a6 8.f3 Bd7
9.O-O-O h6 10.Be3 b5 11.Kb1 Qc7 12.g4 Ne5 13.Qf2 b4 14.Nce2 d5 15.exd5 Nxd5
16.Bc1 Bd6 17.h3 Ng6 18.f4 Ndxf4 19.Nxf4 Nxf4 20.Qd2 Be5 21.Nf3 Bc6 22.Nxe5 Qxe5
23.Rg1 Nd5 24.Re1 Qc7 25.Qd4 Rg8 26.Bc4 Qb7 27.Re5 O-O-O 28.Bxd5 Bxd5 29.Qc5+ Qc7
30.Qxc7+ Kxc7 31.Bf4 Kc6 32.Rc1 g5 33.Bh2 Kd7 34.c4 bxc3 35.Rxc3 Rc8 36.Rxc8 Rxc8
37.Re3 f6 38.b4 Bxa2+ 39.Kxa2 Rc2+ 40.Kb3 Rxh2 41.Kc4 Rc2+ 42.Kd4 Rc6 43.Rf3 Ke7
44.Rb3 Kf7 45.Ke4 Kg6 46.Kf3 h5 47.Kg3 hxg4 48.hxg4 Rb6 49.Kf3 Rb5 50.Ra3 Rxb4
51.Rxa6 Rf4+ 52.Kg3 e5 53.Ra7 Rb4 54.Re7 Rb3+ 55.Kg2 Rd3 56.Kf2 Rd8 57.Kf3 Rf8
58.Ke4 Rf7 59.Re8 Rd7 60.Rg8+ Kf7 61.Ra8 Rd4+ 62.Kf3 Ke6 63.Ra6+ Kd5 64.Rxf6 Rf4+
65.Rxf4 exf4  0-1

[Event "7th Amplico AIG Life"]
[Site "Warsaw POL"]
[Date "2007.12.16"]
[Round "11"]
[White "Piorun,K"]
[Black "Zinchenko,Ya"]
[Result "0-1"]
[WhiteElo "2353"]
[BlackElo "2491"]

1.e4 c5 2.Nf3 Nc6 3.d4 cxd4 4.Nxd4 Nf6 5.Nc3 d6 6.Bg5 Qb6 7.Nb3 e6 8.Qd2 Be7
9.O-O-O O-O 10.h3 a6 11.g4 Rd8 12.Be3 Qc7 13.g5 Nd7 14.f4 Nc5 15.Bg2 b5 16.Qf2 b4
17.Ne2 Nxb3+ 18.axb3 Qb7 19.f5 a5 20.f6 Bf8 21.Nd4 Ne5 22.Kd2 a4 23.h4 axb3
24.cxb3 Ra2 25.Rb1 Qa6 26.Qe2 Qa3 27.Ke1 Qa8 28.Kf2 Ba6 29.Qd2 Bd3 30.Rbe1 Bxe4
31.Bxe4 Qxe4 32.Kg1 Nd3 33.Rd1 Rxb2 34.Nc2 Qg4+ 35.Kf1 Qf3+ 36.Kg1 Rxc2 37.Qxc2 Qxe3+
38.Kf1 Qf3+ 39.Kg1 Nf4 40.Re1 Rc8 41.Qd2 Qg3+ 42.Kf1 Rc3  0-1

[Event "7th Amplico AIG Life"]
[Site "Warsaw POL"]
[Date "2007.12.16"]
[Round "13"]
[White "Owczarzak,J"]
[Black "Makovskis,G"]
[Result "1-0"]
[WhiteElo "2349"]
[BlackElo "2250"]

1.e4 c5 2.Nf3 d6 3.d4 cxd4 4.Nxd4 Nf6 5.Nc3 Nc6 6.Bg5 e6 7.Qd2 a6 8.O-O-O Qc7
9.f3 Bd7 10.Kb1 Be7 11.h4 O-O-O 12.g4 Kb8 13.Be3 Bc8 14.Qf2 Nd7 15.g5 Nc5
16.Nb3 b6 17.f4 Bb7 18.Bg2 Ka7 19.Rhe1 h6 20.a4 hxg5 21.hxg5 Nb4 22.a5 bxa5
23.Na4 Kb8 24.Nbxc5 dxc5 25.Nxc5 Qc6 26.Nxb7 Rxd1+ 27.Rxd1 Qa4 28.e5 Qa2+
29.Kc1 Qa1+ 30.Kd2 Qxb2 31.Ba7+ Kc8 32.Ke1 Nd5 33.Nd6+ Bxd6 34.exd6 Qb4+
35.Qd2 Qxd6 36.Bxd5 exd5 37.Qc3+ Kb7 38.Be3 Rh1+ 39.Ke2 Rh2+ 40.Kf3 Qe6 41.Qb3+ Kc8
42.Qxd5 Qh3+ 43.Ke4 Qg2+ 44.Ke5 f6+ 45.Ke6 Qh3+ 46.Kf7 Qxe3 47.Qc6+  1-0

[Event "Open A"]
[Site "Zadar CRO"]
[Date "2007.12.19"]
[Round "5"]
[White "Zufic,M"]
[Black "Hoelzl,F"]
[Result "1/2-1/2"]
[WhiteElo "2452"]
[BlackElo "2374"]

1.e4 c5 2.Nf3 d6 3.d4 cxd4 4.Nxd4 Nf6 5.Nc3 Nc6 6.Bg5 e6 7.Qd2 Qb6 8.Nb3 Be7
9.f3 O-O 10.O-O-O d5 11.exd5 Nxd5 12.Nxd5 exd5 13.Bxe7 Nxe7 14.Kb1 Nc6 15.Nd4 Re8
16.Nb5 Bf5 17.g4 Bg6 18.h4 Ne5 19.Nd4 Rac8 20.Be2 Nc6 21.Nxc6 Qxc6 22.Bd3 d4
23.Bxg6 hxg6 24.h5 g5 25.Qxg5 Qxc2+ 26.Ka1 Rc5 27.Qf4 d3 28.h6 Re2 29.h7+ Kh8
30.Qd4 Rc8 31.a3 d2 32.Qf4 Qc4 33.Qg5 Qd4 34.Qb5 Rce8 35.Ka2 R8e7 36.Qb3 R2e3
37.Qc2 Qd5+ 38.b3 Re2 39.Qc3 f6 40.Rh5 Qd7 41.Qc4 Qe6 42.Rd5 Kxh7 43.Qd3+ Kg8
44.Rxd2 Rxd2+ 45.Qxd2 Qe2 46.Rd8+ Kh7 47.a4 Qxd2+ 48.Rxd2 Kg6 49.Rd5 Kf7  1/2-1/2

[Event "Harmonie Open A"]
[Site "Groningen NED"]
[Date "2007.12.22"]
[Round "2"]
[White "Pijpers,A"]
[Black "Hoeksema,E"]
[Result "0-1"]
[WhiteElo "2000"]
[BlackElo "2373"]

1.e4 c5 2.Nf3 d6 3.d4 cxd4 4.Nxd4 Nf6 5.Nc3 Nc6 6.Bg5 Qb6 7.Nb3 e6 8.Bxf6 gxf6
9.Qf3 Be7 10.O-O-O Bd7 11.Qg3 O-O-O 12.f4 a6 13.f5 Rdg8 14.Qh3 h5 15.Nd2 Ne5
16.Nc4 Qc7 17.Ne3 Bf8 18.Kb1 Bh6 19.Ne2 Qc6 20.Rd4 Kb8 21.Nd1 Nc4 22.Qd3 Rc8
23.Nec3 Ne5 24.Rxd6 Nxd3 25.Rxc6 Bxc6 26.cxd3 exf5 27.exf5 Rce8 28.Kc2 Rhg8
29.Rg1 Re1 30.d4 Rd8 31.Kd3 Bb5+  0-1